Chinese and Korean star maps and catalogs
| Published in: | The history of cartography, J.B. Harley and David Woodward, Chicago [etc.], p. 511-578 (2) |
|---|---|
| Main Author: | |
| Content type: | Article |
| Published: |
1994
|
| Source: | MPIPL_cat |
MARC
| LEADER | 00000naa a2200000 u 4500 | ||
|---|---|---|---|
| 001 | PL0063304 | ||
| 003 | PLI01000000000000000061532 | ||
| 005 | 00000000000000.0 | ||
| 008 | ||| u | ||
| 100 | 1 | |a Stephenson, F.R. | |
| 245 | 0 | 0 | |a Chinese and Korean star maps and catalogs |c F. Richard Stephenson |
| 260 | |c 1994 | ||
| 696 | |a Stephenson, F. Richard | ||
| 773 | 0 | 8 | |t The history of cartography |a J.B. Harley and David Woodward |k 2 |d Chicago [etc.] |g p. 511-578 |w MPIPL_cat.PL0063291 |z 0-226-31637-8 |i In: |
| 952 | |h p. 511-578 | ||
| 996 | |a Aufsatz | ||
| 997 | |a book chapter | ||